000 nam a22 7a 4500
999 _c150457
_d150455
005 20190819110442.0
008 190819b mx ||||| |||| 00| 0 spa d
020 _a9709010026
050 0 4 _aKGF4370
_bO24 1998
100 1 _aOchoa Olvera, Salvador.
245 1 0 _aDerecho de prensa
_b: Libertad de expresión. libertad de imprenta. derecho a la información.
_c/ Salvador Ochoa Olvera.
250 _a1a ed.
260 _aMéxico :
_bMontealto Editores,
_c1998.
300 _axvi, 494 p. ;
_c21 cm.
504 _aIncluye apéndice, bibliografía e índice.
650 7 _2lemb
_aPrensa
_xLegislación
_zMéxico
650 4 _aLibertad de expresión
_zMéxico
650 7 _2lemb
_aLibertad de prensa
_zMéxico
650 7 _2lemb
_aLibertad de información
_zMéxico
942 _2lcc
_cLIB